000 00662nam a2200217Ia 4500
003 GCL
008 140319s9999 xx 000 0 ara d
020 _a5306001977
040 _aGCL /
_cGCL
082 0 4 _a810.9
_bج ش
100 1 _aجمال مقابلة
245 1 0 _aشكرى عياد /
_cجمال مقابلة
260 _aالقاهرة :
_bالهيئة المصرية العامة للكتاب ،
_c1992
300 _a247 ص ؛
_c19 سم
490 _aنقاد الادب
_v7
650 0 4 _aالشعر العربى
650 0 4 _aالادب العربى
650 0 4 _aالادباء العرب
650 0 4 _aتاريخ ونقد
942 _2ddc
_cBK
999 _c29121
_d29121